Library of the University of Algiers 3
Ibrahim Sultan Cheibout
شعار جامعة الجزائر 3
مكتبة جامعة الجزائر 3
إبراهيم سلطان شيبوط

نظام النقد الدولي والتجارة الخارجية للبلاد العربية / (رقم التسجيلة. 45507)

تفاصيل مارك
000 -LEADER
fixed length control field 01210nam a2200241Ia 4500
003 - CONTROL NUMBER IDENTIFIER
control field Ost
005 - DATE AND TIME OF LATEST TRANSACTION
control field 20260507075647.0
008 - FIXED-LENGTH DATA ELEMENTS--GENERAL INFORMATION
fixed length control field 260507s9999||||xx |||||||||||||| ||und||
040 ## - CATALOGING SOURCE
Transcribing agency fsecg
041 ## - LANGUAGE CODE
Language code of text/sound track or separate title ara
082 ## - DEWEY DECIMAL CLASSIFICATION NUMBER
Classification number 382.0956
100 ## - MAIN ENTRY--PERSONAL NAME
Personal name على، عبد المنعم السيد
Relator term مؤلف
245 #0 - TITLE STATEMENT
Title نظام النقد الدولي والتجارة الخارجية للبلاد العربية /
Statement of responsibility, etc. عبد المنعم السيد على
260 ## - PUBLICATION, DISTRIBUTION, ETC.
Place of publication, distribution, etc. بيروت:
Name of publisher, distributor, etc. المؤسسة الجامعية للدراسات والنشر والتوزيع,
Date of publication, distribution, etc. 1986
300 ## - PHYSICAL DESCRIPTION
Extent 142 صفحة؛
Other physical details إيضاحات ؛
Dimensions 24 سم
490 ## - SERIES STATEMENT
Series statement حلقة العرب والازمة الإقتصادية العالمية
Volume/sequential designation 2
520 ## - SUMMARY, ETC.
Summary, etc. الأزمة النقدية الدولية والأزمة الإقتصادية الدولية والبلدان النامية- أثر انهيار نظام بريتون وودز .
653 ## - INDEX TERM--UNCONTROLLED
Uncontrolled term التجارة الخارجية- البلاد العربية
653 ## - INDEX TERM--UNCONTROLLED
Uncontrolled term العالم العربي- العلاقات الإقتصادية
653 ## - INDEX TERM--UNCONTROLLED
Uncontrolled term نظام النقد الدولي
700 ## - ADDED ENTRY--PERSONAL NAME
Personal name الحبيب، عبد الرحمن
Relator term مؤلف ثانوي
942 ## - ADDED ENTRY ELEMENTS (KOHA)
Koha item type كتب
المقتنيات
Withdrawn status Lost status Source of classification or shelving scheme Damaged status Not for loan Home library Current library Date acquired Serial enumeration / chronology Inventory number Total checkouts Full call number Barcode Date last seen Price effective from Koha item type
    Dewey Decimal Classification   Available مكتبة كلية العلوم الإقتصادية والعلوم التجارية وعلوم التسيير مكتبة كلية العلوم الإقتصادية والعلوم التجارية وعلوم التسيير 07/05/2026 الطابق الأرضي 1/1630   أ/1630ن1 1/1630 07/05/2026 07/05/2026 كتب
    Dewey Decimal Classification   NOT LOAN / إعارة داخلية مكتبة كلية العلوم الإقتصادية والعلوم التجارية وعلوم التسيير مكتبة كلية العلوم الإقتصادية والعلوم التجارية وعلوم التسيير 07/05/2026 الطابق الأرضي 025.21/12   أ/1630ن2 025.21/12 07/05/2026 07/05/2026 كتب

موارد الويب المفتوحة


© University of Algiers 3 All Rights Reserved
|
Implemented by LECHELAH Riad